[Event "SLO-chT NML 31st"]
[Site "Ptuj/Grosuplje"]
[Date "2021.10.17"]
[Round "6.1"]
[White "Antal, Tibor Kende"]
[Black "Tomazini, Aljosa"]
[Result "1-0"]
[WhiteElo "2414"]
[BlackElo "2379"]
[PlyCount "87"]
[EventDate "2021.10.08"]
[EventType "team-tourn"]
[EventRounds "9"]
[EventCountry "SLO"]
[SourceTitle "EXT 2023"]
[Source "ChessBase"]
[SourceDate "2022.10.05"]
[SourceVersion "1"]
[SourceVersionDate "2022.10.05"]
[SourceQuality "1"]
[WhiteTeam "Pomgrad"]
[BlackTeam "Slovenska Bistrica Impol"]
[WhiteTeamCountry "SLO"]
[BlackTeamCountry "SLO"]

1. Nf3 Nf6 2. g3 d5 3. Bg2 e6 4. 0-0 Be7 5. d4 b5 6. Nbd2 0-0 7. b3 Bb7 8. Bb2 b4 9. a3 a5 10. axb4 axb4 11. Rxa8 Bxa8 12. Ne5 Nbd7 13. Qa1 Nxe5 14. dxe5 Nd7 15. e4 Nb6 16. Rd1 Qb8 17. exd5 Bxd5 18. Bxd5 Nxd5 19. Qa6 Bc5 20. Ne4 Bb6 21. Qe2 Rd8 22. h4 Ne7 23. Kh2 Rxd1 24. Qxd1 Qa8 25. Qg4 Kf8 26. Ng5 h6 27. Nh7+ Kg8 28. Nf6+ Kh8 29. Qxb4 Nc6 30. Qd2 gxf6 31. Qxh6+ Kg8 32. exf6 Qf8 33. Qg5+ Kh8 34. Qh5+ Kg8 35. Qg5+ Kh8 36. Qh5+ Kg8 37. Bc1 Qc5 38. Qg4+ Kf8 39. Bh6+ Ke8 40. Qg8+ Kd7 41. Qxf7+ Kc8 42. Qxe6+ Kb7 43. Be3 Qxc2 44. f7 1-0

[Event "SLO-chT 29th"]
[Site "Slovenia"]
[Date "2019.11.24"]
[Round "6.5"]
[White "Ristic, Nenad"]
[Black "Antal, Tibor Kende"]
[Result "1/2-1/2"]
[WhiteElo "2379"]
[BlackElo "2424"]
[PlyCount "68"]
[EventDate "2019.09.06"]
[EventType "team-tourn"]
[EventRounds "9"]
[EventCountry "SLO"]
[SourceTitle "CBM 193 Extra"]
[Source "ChessBase"]
[SourceDate "2020.01.31"]
[SourceVersion "1"]
[SourceVersionDate "2020.01.31"]
[SourceQuality "1"]
[WhiteTeam "Ptuj"]
[BlackTeam "Murska Sobota Radenska"]
[WhiteTeamCountry "SLO"]
[BlackTeamCountry "SLO"]

1. e4 c5 2. Nf3 d6 3. Bb5+ Bd7 4. Bxd7+ Qxd7 5. 0-0 Nc6 6. c3 d5 7. exd5 Qxd5 8. d4 Rd8 9. Qa4 e6 10. Bg5 f6 11. Be3 cxd4 12. Nxd4 a6 13. c4 Qd7 14. Nxc6 Qxc6 15. Qxc6+ bxc6 16. Nc3 Ne7 17. Rad1 Nc8 18. Na4 Bd6 19. Nc5 Bxc5 20. Rxd8+ Kxd8 21. Bxc5 Kc7 22. Rd1 Nb6 23. b3 Nd7 24. Bd6+ Kc8 25. f4 c5 26. b4 cxb4 27. Bxb4 Kc7 28. Kf2 Ra8 29. Rd6 Rb8 30. Ba3 Rb6 31. Rd3 Rb1 32. Rd6 Rb6 33. Rd3 Rb1 34. Rd6 Rb6 1/2-1/2

[Event "POR-chT"]
[Site "Evora"]
[Date "2019.07.21"]
[Round "9.2"]
[White "Antal, Tibor Kende"]
[Black "Sousa, Andre Ventura"]
[Result "1/2-1/2"]
[WhiteElo "2417"]
[BlackElo "2362"]
[PlyCount "54"]
[EventDate "2019.07.15"]
[EventType "team-tourn"]
[EventRounds "9"]
[EventCountry "POR"]
[SourceTitle "CBM 191 Extra"]
[Source "ChessBase"]
[SourceDate "2019.09.30"]
[SourceVersion "1"]
[SourceVersionDate "2019.09.30"]
[SourceQuality "1"]
[WhiteTeam "Dias Ferreira"]
[BlackTeam "Gaia"]
[WhiteTeamCountry "POR"]
[BlackTeamCountry "POR"]

1. Nf3 Nf6 2. g3 d5 3. Bg2 e6 4. 0-0 Be7 5. c4 0-0 6. d4 dxc4 7. Qa4 a6 8. Qxc4 b5 9. Qc2 Bb7 10. Bd2 Be4 11. Qc1 c6 12. Nc3 Bxf3 13. Bxf3 Qxd4 14. Rd1 Qb6 15. a4 Nbd7 16. Be3 Bc5 17. axb5 axb5 18. Rxa8 Rxa8 19. Bxc5 Nxc5 20. Rd6 Rc8 21. Qe3 b4 22. Ne4 Nfxe4 23. Bxe4 Na4 24. Qc1 Nc5 25. Qe3 Na4 26. Qc1 Nc5 27. Qe3 Na4 1/2-1/2

[Event "SLO-chT 28th"]
[Site "Slovenia"]
[Date "2018.12.15"]
[Round "8.2"]
[White "Antal, Tibor Kende"]
[Black "Praznik, Niko"]
[Result "1/2-1/2"]
[WhiteElo "2415"]
[BlackElo "2398"]
[PlyCount "139"]
[EventDate "2018.11.02"]
[EventType "team-tourn"]
[EventRounds "9"]
[EventCountry "SLO"]
[SourceTitle "CBM 187 Extra"]
[Source "ChessBase"]
[SourceDate "2018.11.04"]
[SourceVersion "1"]
[SourceVersionDate "2018.11.04"]
[SourceQuality "1"]
[WhiteTeam "Pomgrad Radenska"]
[BlackTeam "Vrhnika"]
[WhiteTeamCountry "SLO"]
[BlackTeamCountry "SLO"]

1. e4 e6 2. d4 d5 3. Nc3 Bb4 4. e5 Ne7 5. a3 Bxc3+ 6. bxc3 c5 7. Qg4 0-0 8. Bd3 c4 9. Bh6 Ng6 10. Bxg6 fxg6 11. Bd2 Qe8 12. h4 Qf7 13. Be3 Bd7 14. Kd2 Ba4 15. h5 Qf5 16. Qd1 b5 17. g4 Qf7 18. Nh3 gxh5 19. Ng5 Qg6 20. gxh5 Rxf2+ 21. Ke1 Qf5 22. Bxf2 Qxg5 23. Rg1 Qf5 24. Rc1 Nc6 25. Qg4 Qxg4 26. Rxg4 Ne7 27. Kd2 Nf5 28. Rcg1 Kf7 29. Bh4 a5 30. Rf4 Rf8 31. Rg2 Ke8 32. Kc1 Rf7 33. Bg5 Kd7 34. Kb2 Ke8 35. Rf3 Kd7 36. h6 g6 37. Rh3 Rf8 38. Bf6 Rg8 39. Rf2 Ke8 40. Rg2 Kf7 41. Rh1 Rb8 42. Rhg1 Rg8 43. Kc1 Ne3 44. Re2 Nf5 45. Reg2 Ne3 46. Rg3 Nf5 47. Rg5 Ne3 48. Kd2 Nf5 49. R5g4 Rb8 50. R1g2 Kg8 51. Bg5 Kf7 52. Rg1 Kg8 53. R4g2 Kf7 54. Bf6 Kg8 55. Rg5 Rb7 56. Rh1 Rd7 57. Rh2 Kf7 58. Re2 Kg8 59. Rh2 Kf7 60. Re2 Kg8 61. Rxf5 gxf5 62. Rg2+ Kf8 63. Ke3 Ke8 64. Kf4 Rf7 65. Rg8+ Rf8 66. Rg2 Rf7 67. Bh4 Rf8 68. Rg7 Rf7 69. Rg8+ Rf8 70. Rg7 1/2-1/2

[Event "SLO-chT 28th"]
[Site "Slovenia"]
[Date "2018.11.09"]
[Round "4.4"]
[White "Antal, Tibor Kende"]
[Black "Srebrnic, Marko"]
[Result "1-0"]
[WhiteElo "2415"]
[BlackElo "2387"]
[PlyCount "73"]
[EventDate "2018.11.02"]
[EventType "team-tourn"]
[EventRounds "9"]
[EventCountry "SLO"]
[SourceTitle "CBM 187 Extra"]
[Source "ChessBase"]
[SourceDate "2018.11.04"]
[SourceVersion "1"]
[SourceVersionDate "2018.11.04"]
[SourceQuality "1"]
[WhiteTeam "Pomgrad Radenska"]
[BlackTeam "Nova Gorica"]
[WhiteTeamCountry "SLO"]
[BlackTeamCountry "SLO"]

1. e4 c5 2. Nf3 Nc6 3. d4 cxd4 4. Nxd4 e5 5. Nb5 d6 6. N1c3 a6 7. Na3 Be7 8. Nc4 b5 9. Ne3 Nf6 10. Bd3 0-0 11. 0-0 Be6 12. Ncd5 Nd7 13. a4 b4 14. Bd2 a5 15. Bb5 Nd4 16. c3 bxc3 17. Bxc3 Nc5 18. Nc4 Nxe4 19. Bxd4 exd4 20. Nxe7+ Qxe7 21. Qxd4 Bxc4 22. Bxc4 Nf6 23. Rfe1 Qc7 24. Bb5 Rfc8 25. Rad1 d5 26. h3 h6 27. Re3 Qd6 28. Rc3 Rc7 29. Rxc7 Qxc7 30. b4 axb4 31. Qxb4 Ne4 32. Qd4 Qc2 33. Re1 Nc3 34. Bd3 Qb2 35. Kh1 Nxa4 36. Qxa4 Qb8 37. Qd7 1-0

[Event "SLO-chT 28th"]
[Site "Slovenia"]
[Date "2018.11.04"]
[Round "3.2"]
[White "Lenic, Luka"]
[Black "Antal, Tibor Kende"]
[Result "1/2-1/2"]
[WhiteElo "2657"]
[BlackElo "2415"]
[PlyCount "71"]
[EventDate "2018.11.02"]
[EventType "team-tourn"]
[EventRounds "9"]
[EventCountry "SLO"]
[SourceTitle "CBM 187 Extra"]
[Source "ChessBase"]
[SourceDate "2018.11.04"]
[SourceVersion "1"]
[SourceVersionDate "2018.11.04"]
[SourceQuality "1"]
[WhiteTeam "Ljubljana"]
[BlackTeam "Pomgrad Radenska"]
[WhiteTeamCountry "SLO"]
[BlackTeamCountry "SLO"]

1. d4 Nf6 2. c4 e6 3. Nf3 d5 4. Nc3 c6 5. Bg5 dxc4 6. a4 Bb4 7. e4 h6 8. Bxf6 Qxf6 9. Bxc4 c5 10. 0-0 cxd4 11. e5 Qd8 12. Ne4 Nc6 13. Qe2 Qa5 14. Ng3 Bd7 15. Qe4 0-0-0 16. Rfd1 Kb8 17. Ne2 f5 18. exf6 gxf6 19. Nexd4 Nxd4 20. Nxd4 e5 21. Nb3 f5 22. Nxa5 fxe4 23. Rd5 Rhe8 24. h4 Bc6 25. Nxc6+ bxc6 26. Rxd8+ Rxd8 27. Rc1 Rd2 28. Ba6 Kc7 29. Bb5 Rd6 30. b3 Kb6 31. Bc4 Rd2 32. Re1 Bc5 33. Re2 e3 34. fxe3 Rxe2 35. Bxe2 Bxe3+ 36. Kf1 1/2-1/2

[Event "HUN-chT2 Charousek 1718"]
[Site "Hungary"]
[Date "2018.03.25"]
[Round "8.1"]
[White "Vajda, Levente"]
[Black "Antal, Tibor Kende"]
[Result "1-0"]
[WhiteElo "2584"]
[BlackElo "2419"]
[PlyCount "107"]
[EventDate "2017.10.29"]
[EventType "team-tourn"]
[EventRounds "9"]
[EventCountry "HUN"]
[SourceTitle "EXT 2020"]
[Source "ChessBase"]
[SourceDate "2019.10.17"]
[SourceVersion "1"]
[SourceVersionDate "2019.10.17"]
[SourceQuality "1"]
[WhiteTeam "Csuti Hydro"]
[BlackTeam "Szentgotthard Alsoszolnok"]
[WhiteTeamCountry "HUN"]
[BlackTeamCountry "HUN"]

1. Nf3 d5 2. g3 Bg4 3. Bg2 Nd7 4. d4 c6 5. 0-0 e6 6. c4 Ngf6 7. b3 a5 8. Nc3 Be7 9. Bb2 0-0 10. Re1 Re8 11. Qc1 a4 12. c5 b5 13. b4 Qb8 14. a3 Bxf3 15. exf3 e5 16. dxe5 Nxe5 17. Rxe5 Qxe5 18. Nxb5 Qb8 19. Nd4 Qc8 20. Bf1 Ra7 21. Bd3 g6 22. Qc3 Rc7 23. Ne2 Bd8 24. Kg2 h6 25. Nf4 Kh7 26. h4 h5 27. Nh3 Qd7 28. Qd4 Qe7 29. Bc2 Ra7 30. Nf4 Qf8 31. Qd1 Nd7 32. Bxa4 Ne5 33. Bxe5 Rxe5 34. Bxc6 Bf6 35. Ra2 d4 36. Be4 Qd8 37. a4 Bxh4 38. Nd3 Re6 39. gxh4 f5 40. Nf4 Re5 41. Bd3 Qxh4 42. Nh3 Rae7 43. Re2 Rxe2 44. Bxe2 d3 45. Bxd3 Qxb4 46. c6 Qc5 47. Bb5 f4 48. Qd3 Kg7 49. Qc4 Qxc4 50. Bxc4 Ra7 51. Bb5 Kf6 52. Nxf4 Ke5 53. Nxg6+ Kd6 54. f4 1-0

[Event "Reykjavik op"]
[Site "Reykjavik"]
[Date "2018.03.08"]
[Round "4"]
[White "Birkisson, Bjorn Holm"]
[Black "Antal, Tibor Kende"]
[Result "0-1"]
[WhiteElo "2022"]
[BlackElo "2419"]
[PlyCount "146"]
[EventDate "2018.03.06"]
[EventType "swiss"]
[EventRounds "9"]
[EventCountry "ISL"]
[SourceTitle "CBM 183 Extra"]
[Source "ChessBase"]
[SourceDate "2018.04.19"]
[SourceVersion "1"]
[SourceVersionDate "2018.04.19"]
[SourceQuality "1"]

1. Nf3 d5 2. g3 Bg4 3. Bg2 Nd7 4. c4 c6 5. cxd5 cxd5 6. d4 Bxf3 7. Bxf3 e6 8. 0-0 Ngf6 9. Nc3 Nb6 10. Bf4 Bd6 11. Bxd6 Qxd6 12. e4 dxe4 13. Nxe4 Nxe4 14. Bxe4 0-0-0 15. Bg2 Kb8 16. Qf3 Rd7 17. Rfd1 Rc8 18. Qb3 h5 19. h4 g6 20. a4 a5 21. Qb5 Qb4 22. Qxb4 axb4 23. a5 Nd5 24. Rd2 Ka7 25. Ra4 Rc1+ 26. Kh2 Ka6 27. Bxd5 Rxd5 28. Rxb4 Rxa5 29. Kg2 Rd5 30. Rd3 b5 31. Rc3 Rd1 32. Rc7 Rf5 33. Rc5 Rxc5 34. dxc5 f5 35. c6 Rd6 36. c7 Rc6 37. Rd4 Kb6 38. Rd8 Kxc7 39. Re8 b4 40. Kf3 b3 41. Re7+ Kb6 42. Ke3 Kc5 43. Rb7 Kc4 44. Re7 Rb6 45. Rc7+ Kd5 46. Rd7+ Ke5 47. f4+ Kf6 48. Kd4 Rb4+ 49. Kd3 e5 50. fxe5+ Kxe5 51. Re7+ Kf6 52. Re3 g5 53. hxg5+ Kxg5 54. Rf3 Kg4 55. Ke2 h4 56. Kf2 h3 57. Rd3 Rc4 58. Rxb3 Rc2+ 59. Kg1 Rg2+ 60. Kh1 Rxg3 61. Rb8 f4 62. Rc8 Rb3 63. Rc2 Kg3 64. Kg1 Rb8 65. Rc3+ f3 66. Rc7 h2+ 67. Kh1 Rxb2 68. Rg7+ Kf2 69. Kxh2 Kf1+ 70. Kh3 f2 71. Re7 Rb8 72. Rf7 Rh8+ 73. Kg3 Kg1 0-1

[Event "Staufer op-A 30th"]
[Site "Schwaebisch Gmuend"]
[Date "2018.01.04"]
[Round "6"]
[White "Stefansson, Vignir Vatnar"]
[Black "Antal, Tibor Kende"]
[Result "1-0"]
[WhiteElo "2304"]
[BlackElo "2419"]
[PlyCount "117"]
[EventDate "2018.01.02"]
[EventType "swiss"]
[EventRounds "9"]
[EventCountry "GER"]
[SourceTitle "CBM 182 Extra"]
[Source "ChessBase"]
[SourceDate "2018.02.23"]
[SourceVersion "1"]
[SourceVersionDate "2018.02.23"]
[SourceQuality "1"]

1. d4 Nf6 2. Bf4 d5 3. e3 c6 4. Bd3 Qb6 5. Qc1 g6 6. Nf3 Bg7 7. c4 Bf5 8. Bxf5 gxf5 9. cxd5 Nxd5 10. Be5 Bxe5 11. Nxe5 Nd7 12. Nxd7 Kxd7 13. Nd2 Rag8 14. g3 h5 15. h4 Qb5 16. Qc4 a6 17. a4 Qxc4 18. Nxc4 Ke6 19. Na5 Nb4 20. Ke2 b6 21. Nc4 Rb8 22. a5 bxa5 23. Rxa5 Rb5 24. Ra4 Rhb8 25. Na3 R5b6 26. Ra1 c5 27. dxc5 Rc6 28. Ra5 Rb7 29. Rd1 Nd5 30. Rd2 Nb4 31. Kf3 Kf6 32. Ke2 e6 33. Nc2 Nxc2 34. Rxc2 Ke5 35. Rd2 Rb4 36. Rc2 Kd5 37. Kd3 Rb3+ 38. Kd2 e5 39. Kc1 Rb4 40. Rd2+ Kc4 41. Rc2+ Kd5 42. Ra3 Rc4 43. Rd3+ Ke4 44. Rxc4+ Kxd3 45. Rc3+ Ke2 46. Rc2+ Kf3 47. b4 f4 48. exf4 exf4 49. Rc3+ Ke4 50. Rc4+ Kd3 51. Rxf4 a5 52. bxa5 Rxc5+ 53. Kb2 Rxa5 54. Rxf7 Rc5 55. Kb3 Ke4 56. Rf4+ Kd3 57. Kb4 Rc6 58. Rf5 Ke2 59. f4 1-0

[Event "HUN-chT2 Charousek 1718"]
[Site "Hungary"]
[Date "2017.11.26"]
[Round "2.1"]
[White "Krstic, Uros"]
[Black "Antal, Tibor Kende"]
[Result "0-1"]
[WhiteElo "2386"]
[BlackElo "2419"]
[PlyCount "98"]
[EventDate "2017.10.29"]
[EventType "team-tourn"]
[EventRounds "9"]
[EventCountry "HUN"]
[SourceTitle "EXT 2020"]
[Source "ChessBase"]
[SourceDate "2019.10.17"]
[SourceVersion "1"]
[SourceVersionDate "2019.10.17"]
[SourceQuality "1"]
[WhiteTeam "Haladas Szombathely II"]
[BlackTeam "Szentgotthard Alsoszolnok"]
[WhiteTeamCountry "HUN"]
[BlackTeamCountry "HUN"]

1. g3 d5 2. Bg2 Nf6 3. d3 c6 4. Nd2 h6 5. h3 e5 6. e4 dxe4 7. dxe4 Bc5 8. Ngf3 Be6 9. 0-0 Nbd7 10. b3 Qc7 11. Bb2 g5 12. Ne1 g4 13. h4 0-0-0 14. Nd3 Bd4 15. Bxd4 exd4 16. Re1 Ne5 17. Nf4 c5 18. Qc1 Rd6 19. c4 dxc3 20. Qxc3 Rd4 21. Rac1 Nfd7 22. Nf1 Rg8 23. Qxd4 cxd4 24. Rxc7+ Kxc7 25. Rd1 Nc6 26. Ne2 Nde5 27. Nxd4 Nxd4 28. Rxd4 Kb6 29. Ne3 Kc5 30. Rd1 Kb4 31. Rd4+ Kc3 32. Ra4 a6 33. Nd5+ Kb2 34. Rb4 b5 35. Nc7 Nc6 36. Nxa6 Nxb4 37. Nxb4 Ka3 38. Nc6 Rc8 39. Nd4 Rc1+ 40. Bf1 b4 41. Kg2 Kxa2 42. Be2 Bxb3 43. Bxg4 Bd1 44. f3 Rc4 45. Nf5 b3 46. Ne3 Rc2+ 47. Kh3 b2 48. Bh5 b1Q 49. Bxf7+ Ka1 0-1

[Event "HUN-chT2 Charousek 1718"]
[Site "Hungary"]
[Date "2017.10.29"]
[Round "1.1"]
[White "Galyas, Miklos"]
[Black "Antal, Tibor Kende"]
[Result "1/2-1/2"]
[WhiteElo "2509"]
[BlackElo "2419"]
[PlyCount "50"]
[EventDate "2017.10.29"]
[EventType "team-tourn"]
[EventRounds "9"]
[EventCountry "HUN"]
[SourceTitle "EXT 2020"]
[Source "ChessBase"]
[SourceDate "2019.10.17"]
[SourceVersion "1"]
[SourceVersionDate "2019.10.17"]
[SourceQuality "1"]
[WhiteTeam "Aquaprofit Nagykanizsa II"]
[BlackTeam "Szentgotthard Alsoszolnok"]
[WhiteTeamCountry "HUN"]
[BlackTeamCountry "HUN"]

1. c4 e6 2. g3 d5 3. Bg2 Nf6 4. Nf3 d4 5. 0-0 c5 6. e3 Nc6 7. exd4 cxd4 8. d3 Bd6 9. Bg5 h6 10. Bxf6 Qxf6 11. Nbd2 Qe7 12. a3 a5 13. Rc1 0-0 14. Re1 Rd8 15. Ne4 Bc7 16. c5 f5 17. Nd6 Bxd6 18. cxd6 Qxd6 19. Nd2 Bd7 20. Nc4 Qc7 21. Qb3 Ra6 22. f4 a4 23. Qc2 Qb8 24. Qe2 Rc8 25. Qd2 b5 1/2-1/2

[Event "Basel op"]
[Site "Basel"]
[Date "2017.01.07"]
[Round "8"]
[White "Antal, Tibor Kende"]
[Black "Meier, Volker"]
[Result "1-0"]
[WhiteElo "2420"]
[BlackElo "2284"]
[PlyCount "59"]
[EventDate "2017.01.02"]
[EventType "swiss"]
[EventRounds "9"]
[EventCountry "SUI"]
[SourceTitle "CBM 176 Extra"]
[Source "ChessBase"]
[SourceDate "2017.03.02"]
[SourceVersion "1"]
[SourceVersionDate "2017.03.02"]
[SourceQuality "1"]

1. b3 e5 2. Bb2 d6 3. e3 Nf6 4. c4 g6 5. Nc3 Bg7 6. Nf3 0-0 7. d4 Nbd7 8. Be2 Re8 9. Qc2 c6 10. 0-0 a6 11. dxe5 dxe5 12. Rfd1 b5 13. Ne4 Nxe4 14. Qxe4 Qb6 15. Rd6 f5 16. Qxc6 Qxc6 17. Rxc6 e4 18. Bxg7 exf3 19. Bxf3 Kxg7 20. Rc7 Rb8 21. cxb5 Kf6 22. Bc6 Ke6 23. Rd1 axb5 24. Rcxd7 Bxd7 25. Bxd7+ Ke5 26. Bxe8 Rxe8 27. a4 bxa4 28. bxa4 Ra8 29. Rd4 Rc8 30. g4 1-0

[Event "Basel op"]
[Site "Basel"]
[Date "2017.01.06"]
[Round "6"]
[White "Antal, Tibor Kende"]
[Black "Gomes, Mary Ann"]
[Result "0-1"]
[WhiteElo "2420"]
[BlackElo "2299"]
[PlyCount "136"]
[EventDate "2017.01.02"]
[EventType "swiss"]
[EventRounds "9"]
[EventCountry "SUI"]
[SourceTitle "CBM 176 Extra"]
[Source "ChessBase"]
[SourceDate "2017.03.02"]
[SourceVersion "1"]
[SourceVersionDate "2017.03.02"]
[SourceQuality "1"]

1. e4 c5 2. Nf3 d6 3. Bb5+ Nd7 4. 0-0 a6 5. Bd3 Ngf6 6. c3 b5 7. Bc2 Bb7 8. Qe2 e5 9. d4 Be7 10. Rd1 Qc7 11. dxe5 dxe5 12. Nh4 g6 13. Bh6 Nf8 14. a4 c4 15. Na3 Bxa3 16. Rxa3 Ne6 17. axb5 axb5 18. Rxa8+ Bxa8 19. b3 Ke7 20. Bc1 Qa5 21. bxc4 Qxc3 22. Nf3 Rc8 23. Bd2 Nf4 24. Bxf4 exf4 25. e5 Nd7 26. e6 fxe6 27. Re1 Bxf3 28. Qxe6+ Kd8 29. gxf3 Qxc2 30. cxb5 Rb8 31. Qd5 Qc5 32. Qg8+ Kc7 33. Qxh7 Qg5+ 34. Kh1 Rxb5 35. Qg8 Rc5 36. Rd1 Qh5 37. Qa8 Ra5 38. Rc1+ Kd6 39. Qc6+ Ke7 40. Rd1 Qf5 41. Qd6+ Ke8 42. Qc6 Re5 43. Qc8+ Ke7 44. Qc7 Rb5 45. Qd6+ Ke8 46. Kg2 Re5 47. Rd4 g5 48. Qh6 Re7 49. Qh5+ Kf8 50. Qh6+ Kg8 51. Rd6 Rg7 52. Qh5 Nf8 53. Qh3 g4 54. Qh4 gxf3+ 55. Kxf3 Ne6 56. Qh6 Ng5+ 57. Ke2 Nf7 58. Qe6 f3+ 59. Ke3 Qc5+ 60. Rd4 Rg5 61. Kd3 Qa3+ 62. Kd2 Qa5+ 63. Kd3 Qa3+ 64. Kd2 Qb2+ 65. Kd3 Qxf2 66. h4 Qf1+ 67. Kc3 Rc5+ 68. Kb3 Qb1+ 0-1

[Event "HUN-chT 1516"]
[Site "Hungary"]
[Date "2016.04.17"]
[Round "9.11"]
[White "Rapport, Jovana"]
[Black "Antal, Tibor Kende"]
[Result "1/2-1/2"]
[WhiteElo "2295"]
[BlackElo "2365"]
[PlyCount "79"]
[EventDate "2015.11.07"]
[EventType "team-tourn"]
[EventRounds "11"]
[EventCountry "HUN"]
[SourceTitle "CBM 171 Extra"]
[Source "ChessBase"]
[SourceDate "2016.04.26"]
[SourceVersion "1"]
[SourceVersionDate "2016.04.26"]
[SourceQuality "1"]
[WhiteTeam "HVSE Infraplan"]
[BlackTeam "Paks"]
[WhiteTeamCountry "HUN"]
[BlackTeamCountry "HUN"]

1. c4 Nf6 2. Nc3 e5 3. Nf3 Nc6 4. e3 Bb4 5. Qc2 Bxc3 6. Qxc3 Qe7 7. Be2 0-0 8. 0-0 d5 9. d4 exd4 10. Nxd4 Nxd4 11. Qxd4 dxc4 12. Qxc4 Be6 13. Qh4 Rfd8 14. b3 a5 15. Bb2 Rd2 16. Bxf6 Qxf6 17. Qxf6 gxf6 18. Bf3 c6 19. Rfd1 Rxd1+ 20. Bxd1 Rd8 21. Bc2 Rd2 22. Rc1 c5 23. Kf1 c4 24. Ke1 c3 25. a4 Bd5 26. e4 Bc6 27. Bd1 Bxe4 28. Rxc3 Rd4 29. f3 Bc6 30. Rc5 Rd5 31. Rxd5 Bxd5 32. Kd2 Kf8 33. Kc3 Ke7 34. Bc2 h6 35. b4 b6 36. bxa5 bxa5 37. Kd4 Kd6 38. Bd1 Be6 39. Bc2 Bd5 40. Bd1 1/2-1/2

[Event "Reykjavik op"]
[Site "Reykjavik"]
[Date "2016.03.15"]
[Round "9"]
[White "Shabalov, Alexander"]
[Black "Antal, Tibor Kende"]
[Result "1/2-1/2"]
[WhiteElo "2520"]
[BlackElo "2406"]
[PlyCount "140"]
[EventDate "2016.03.08"]
[EventType "swiss"]
[EventRounds "10"]
[EventCountry "ISL"]
[SourceTitle "CBM 171 Extra"]
[Source "ChessBase"]
[SourceDate "2016.04.26"]
[SourceVersion "1"]
[SourceVersionDate "2016.04.26"]
[SourceQuality "1"]

1. f4 g6 2. Nf3 Bg7 3. g3 d6 4. d4 c5 5. c3 cxd4 6. cxd4 Nf6 7. Nc3 0-0 8. Bg2 Nc6 9. 0-0 Bf5 10. Kh1 Ne4 11. Nh4 d5 12. Nxf5 gxf5 13. e3 e6 14. Bd2 Rc8 15. Be1 Qb6 16. Qe2 Ne7 17. Rg1 Kh8 18. h3 Rg8 19. Bf3 Rc6 20. Bh5 Ng6 21. g4 Qd8 22. Nxe4 dxe4 23. gxf5 exf5 24. Qb5 Qc8 25. Bc3 Rd8 26. Rad1 a6 27. Qb3 Kg8 28. a4 Qd7 29. Rd2 Qd5 30. Qxd5 Rxd5 31. Bd1 Nh4 32. Rg5 Rg6 33. Rh5 Bf6 34. Kh2 Kg7 35. Rc2 Rh6 36. Rxh6 Kxh6 37. Bb4 Rd7 38. Rc8 Ng6 39. Bb3 Kg7 40. a5 Be7 41. Bc3 Bd8 42. Ba4 Rd6 43. Rb8 Nh4 44. Kg3 Nf3 45. Kf2 Bh4+ 46. Ke2 Ng1+ 47. Kd2 Nxh3 48. Rxb7 Rg6 49. Kc2 Bf2 50. Be8 Bxe3 51. Rxf7+ Kh6 52. Rxf5 Rg2+ 53. Kb3 Nxf4 54. Rf6+ Kg5 55. Rxa6 Bd2 56. Bc6 Bxc3 57. bxc3 e3 58. Ra8 e2 59. Re8 Rg1 60. a6 Rb1+ 61. Kc4 Rb6 62. Bf3 Rxa6 63. Re5+ Kf6 64. Bxe2 Re6 65. Rxe6+ Kxe6 66. Bf3 Kd6 67. Kb5 Ne6 68. Kc4 Nf4 69. Kb5 Ne6 70. Bg4 Nxd4+ 1/2-1/2

[Event "Reykjavik op"]
[Site "Reykjavik"]
[Date "2016.03.12"]
[Round "6"]
[White "Antal, Tibor Kende"]
[Black "Rambaldi, Francesco"]
[Result "1/2-1/2"]
[WhiteElo "2406"]
[BlackElo "2541"]
[PlyCount "155"]
[EventDate "2016.03.08"]
[EventType "swiss"]
[EventRounds "10"]
[EventCountry "ISL"]
[SourceTitle "CBM 171 Extra"]
[Source "ChessBase"]
[SourceDate "2016.04.26"]
[SourceVersion "1"]
[SourceVersionDate "2016.04.26"]
[SourceQuality "1"]

1. e4 e5 2. Nf3 Nc6 3. Bc4 Bc5 4. Nc3 Nf6 5. d3 d6 6. a3 h6 7. h3 Be6 8. Bxe6 fxe6 9. Na4 Bb6 10. 0-0 0-0 11. c3 Qe8 12. Nxb6 axb6 13. Nh2 Nh5 14. Ng4 Qg6 15. Be3 Rf7 16. b4 Nf4 17. Bxf4 exf4 18. Nh2 Ne5 19. Nf3 Qf6 20. d4 Nd7 21. Re1 e5 22. a4 g5 23. dxe5 dxe5 24. a5 b5 25. Qe2 c6 26. Red1 Qe6 27. Ra2 Nf6 28. Rad2 Ne8 29. Nh2 Re7 30. Qg4 Nf6 31. Qxe6+ Rxe6 32. Ng4 Nxe4 33. Rd8+ Rxd8 34. Rxd8+ Kf7 35. Rd7+ Re7 36. Nxe5+ Ke6 37. Rxe7+ Kxe7 38. Nxc6+ Kd7 39. Nd4 Nxc3 40. Kf1 Kd6 41. Ke1 Kd5 42. Nf5 h5 43. h4 Ke5 44. Ne7 gxh4 45. Ng6+ Ke4 46. Nxh4 Nd5 47. Kd2 Kd4 48. Nf5+ Ke5 49. Nh4 Nxb4 50. Ng6+ Kf5 51. Ne7+ Ke6 52. Ng6 Kf5 53. Ne7+ Ke4 54. Nc8 Kd5 55. Ne7+ Kc4 56. Nf5 Kd5 57. Ng7 f3 58. Nxh5 fxg2 59. Nf4+ Kd4 60. Nxg2 Nc6 61. Kc2 Nxa5 62. Nf4 b4 63. Kb2 Kc4 64. Ne2 b6 65. f4 Kd5 66. Nc1 Ke4 67. Na2 Kxf4 68. Nxb4 Ke5 69. Kc3 Ke4 70. Na6 Kd5 71. Kb4 Kc6 72. Nb8+ Kc7 73. Kb5 Nb3 74. Nc6 Kb7 75. Nd8+ Ka7 76. Nc6+ Kb7 77. Nd8+ Kc7 78. Ne6+ 1/2-1/2

[Event "Reykjavik op"]
[Site "Reykjavik"]
[Date "2016.03.11"]
[Round "5"]
[White "Santeramo, Alessia Carmen"]
[Black "Antal, Tibor Kende"]
[Result "0-1"]
[WhiteElo "2095"]
[BlackElo "2406"]
[PlyCount "86"]
[EventDate "2016.03.08"]
[EventType "swiss"]
[EventRounds "10"]
[EventCountry "ISL"]
[SourceTitle "CBM 171 Extra"]
[Source "ChessBase"]
[SourceDate "2016.04.26"]
[SourceVersion "1"]
[SourceVersionDate "2016.04.26"]
[SourceQuality "1"]

1. e4 c5 2. Nf3 d6 3. Bb5+ Nd7 4. d4 cxd4 5. Qxd4 a6 6. Bxd7+ Bxd7 7. 0-0 Rc8 8. Nc3 e5 9. Qd1 h6 10. Nd5 Nf6 11. Re1 Nxd5 12. Qxd5 Qc7 13. c3 Be7 14. a4 0-0 15. Be3 Be6 16. Qd3 Rfd8 17. a5 Rd7 18. Bb6 Qc6 19. Nd2 d5 20. Qg3 dxe4 21. Be3 f5 22. Qxe5 Bf6 23. Qg3 Rcd8 24. Nf1 Kh7 25. Bb6 Rd3 26. Qf4 R8d5 27. Qc1 Rb5 28. Qc2 Bb3 29. Qe2 Qd7 30. Be3 Rbd5 31. Ng3 Be5 32. Bb6 Rd2 33. Qh5 Rxb2 34. Qxf5+ Qxf5 35. Nxf5 Bxc3 36. Ne3 Bxe1 37. Nxd5 Bxa5 38. Bxa5 Bxd5 39. h3 e3 40. f3 Bc4 41. Bc3 Rc2 42. Bd4 e2 43. Bf2 Rd2 0-1